000
00258nam a22001097a 4500
999
_c
260986
_d
260985
020
_a
9780545072243
100
_a
Mike Thaler
245
_a
The Summer Vacation from the Black Lagoon
260
_a
New York
_b
Scholastic
_c
2010
300
_a
62 pgs
942
_c
BK